Formirovanije potrebnosti v trude
Guardado en:
| Autor principal: | |
|---|---|
| Otros Autores: | |
| Formato: | Libro |
| Lenguaje: | ruso |
| Publicado: |
Moskva
Ekonomika
1986
|
| Edición: | 1. izd. |
| Colección: | Monografija
|
| Etiquetas: |
Sin Etiquetas, Sea el primero en etiquetar este registro!
|
MARC
| LEADER | 00000nam a2200000 4500 | ||
|---|---|---|---|
| 001 | c034316 | ||
| 005 | 20221220073745.8 | ||
| 041 | 0 | |a rus | |
| 044 | |a RU | ||
| 245 | 1 | 0 | |a Formirovanije potrebnosti v trude |c El'vira Fedorovna Miženskaja, Irina Vladimirovna Pusenkova |
| 250 | |a 1. izd. | ||
| 264 | 1 | |a Moskva |b Ekonomika |c 1986 | |
| 300 | |a 141 s. | ||
| 490 | 1 | |a Monografija | |
| 830 | 0 | |a Monografija | |
| 100 | 1 | |a Miženskaja, El'vira Fedorovna | |
| 700 | 1 | |a Pusenkova, Irina Vladimirovna | |